| 000 | 01390nam a2200361Ia 4500 | ||
|---|---|---|---|
| 001 | ebr10218209 | ||
| 003 | CaPaEBR | ||
| 006 | m u | ||
| 007 | cr cn||||||||| | ||
| 008 | 061019s2007 caua s 000 0 eng d | ||
| 010 | _z 2006936943 | ||
| 020 | _z9781847878731 (ebook) | ||
| 020 | _z9781412920193 (cased) | ||
| 020 | _z1412920191 (cased) | ||
| 020 | _z9781412920209 (paper) | ||
| 020 | _z1412920205 (paper) | ||
| 040 |
_aCaPaEBR _cCaPaEBR |
||
| 035 | _a(OCoLC)290534735 | ||
| 050 | 1 | 4 |
_aLB2822.84.G7 _bB35 2007eb |
| 082 | 0 | 4 |
_a371.2/070941 _222 |
| 100 | 1 | _aBainbridge, Sarah. | |
| 245 | 1 | 0 |
_aCreating a vision for your school _h[electronic resource] / _cSarah Bainbridge. |
| 260 |
_aThousand Oaks, CA : _bPCP/SAGE Publications, _c2007. |
||
| 300 |
_avii, 62 p. : _bill. |
||
| 500 | _a"Moving from purpose to practice"--Added t.p. | ||
| 500 | _a"A Lucky Duck book"--Added t.p. | ||
| 533 |
_aElectronic reproduction. _bPalo Alto, Calif. : _cebrary, _d2009. _nAvailable via World Wide Web. _nAccess may be limited to ebrary affiliated libraries. |
||
| 650 | 0 |
_aSchool improvement programs _zGreat Britain. |
|
| 650 | 0 | _aSchool management and organization. | |
| 655 | 7 |
_aElectronic books. _2local |
|
| 710 | 2 | _aebrary, Inc. | |
| 856 | 4 | 0 |
_uhttp://site.ebrary.com/lib/rucke/Doc?id=10218209 _zAn electronic book accessible through the World Wide Web; click to view |
| 999 |
_c129658 _d129658 |
||